Miejscowości na Mierzei Helskiej z mapą - Statystyki

Ogólne statystyki
  • Ten quiz został rozwiązany 332 razy
  • Średni wynik to 4 z 6
Odpowiedzi na mapie
Odpowiedzi zakodowano w zielono-czerwonej skali na mapie do tego quizu, zgodnie z poniższymi procentami.
 
Statystyki odpowiedzi
Miejscowość % Poprawnych
Hel
99%
Jastarnia
84%
Władysławowo
84%
Chałupy
66%
Jurata
62%
Kuźnica
41%
Nie znaleziono quizów pasujących do podanych kryteriów
Rozkład punktacji
Procent ludzi z każdym wynikiem
Percentyl według liczby udzielonych odpowiedzi
Twoja historia wyników
Nie rozwiązałeś tego quizu